Quién llama? : reconozca y reporte el fraude telefónico.

Bibliographic Details
Corporate Author: United States. Federal Trade Commission
Format: Government Document Book
Language:Spanish
Published: [Washington, D.C.] : Comisión Federal de Comercio, [2008?]
Subjects:
Online Access:https://purl.fdlp.gov/GPO/LPS105056

MARC

Tag First Indicator Second Indicator Subfields
LEADER 00000cam a2200000Ka 4500
001 in00002492613
005 20211202190107.0
006 m d f
008 081105s2008 dcu s f000 0 spa d
035 |a (OCoLC)ocn268968409 
040 |a GPO  |c GPO  |d MvI  |d UtOrBLW 
049 |a WWW 
074 |a 0535 (online) 
086 0 |a FT 1.2:T 23/8/SPAN. 
245 0 0 |a Quién llama? :  |b reconozca y reporte el fraude telefónico. 
246 3 0 |a Reconozca y reporte el fraude telefónico 
264 1 |a [Washington, D.C.] :  |b Comisión Federal de Comercio,  |c [2008?] 
300 |a 1 folded sheet (6 pages) :  |b digital, PDF file. 
336 |a text  |b txt  |2 rdacontent 
337 |a computer  |b c  |2 rdamedia 
338 |a unspecified  |b zu  |2 rdacarrier 
538 |a Mode of access: Internet from the FTC web site. Address as of 11/5/08: http://www.ftc.gov/bcp/edu/pubs/consumer/telemarketing/stel19.pdf ; current access available via PURL. 
500 |a Title from title screen (viewed on Nov. 5, 2008). 
500 |a Electronic resource. 
650 0 |a Telemarketing  |x Corrupt practices  |z United States  |x Prevention. 
650 0 |a Fraud  |z United States  |x Prevention. 
710 1 |a United States.  |b Federal Trade Commission. 
856 4 0 |u https://purl.fdlp.gov/GPO/LPS105056  |t 0 
999 |a MARS 
999 f f |s 30b4be8e-23b8-3655-81d8-0ff22802b9a3  |i abe00162-586d-34c6-aa57-539bca0265f7  |t 0 
952 f f |a Texas A&M University  |b College Station  |c Electronic Resources  |d Available Online  |t 0  |e FT 1.2:T 23/8/SPAN.  |h Superintendent of Documents classification 
998 f f |a FT 1.2:T 23/8/SPAN.  |t 0  |l Available Online